Départements français par image n°2 - Statistiques

Statistiques générales
  • Ce quiz a été pris 190 fois
  • Le résultat moyen est 8 sur 15
Statistiques - réponses
Par images Réponse % Correct
Gard
91%
Gironde
87%
Morbihan
78%
Aude
77%
Puy de Dôme
76%
Côte d'Or
65%
Hautes-Pyrénées
58%
Hautes-Alpes
54%
Cantal
53%
Rhône
53%
Haute-Marne
49%
Polynésie française
43%
Allier
19%
Yonne
18%
Aisne
6%
Aucun quiz correspondant
Distribution des résultats
% des personnes avec chaque résultat
Percentile par nombre de réponses
Votre historique - résultats
Vous n’avez pas pris ce quiz